000 01083nam a22003377a 4500
001 BR2013002726
003 BR-BrBNA
005 20230928104158.0
007 ta
008 230509b bl.||||| |||| 00| 0 por d
040 _aBR-BrBNA
_bpor
_cBiblioteca Nacional de Agricultura
041 _a(Por)
072 _aH10
_b2120
_b4020
090 _ 2120 BR2013002726
100 1 _aSilva, M.A.T. da
110 1 _aUniversidade Federal de Lavras, MG (Brasil)
_0Tese (Doutorado)
245 1 _aControle de Quesada gigas (Hemiptera: Cicadidae)pela aplicação de nematoides entomopatogênicos e compatibilidade com alguns produtos fitossanitários em cafeeiro
260 3 _aLavras, MG (Brasil):
_c2011.
300 _a91 p.
500 _aSummaries (Eng, Por); Several bibliography; 10 tables
650 _aCAFÉ
650 _aQUESADA GIGAS
650 _aHEMIPTERA
650 _aCIGARRA
650 _aNEMATÓIDE
650 _aCONTROLE MICROBIANO
650 _aCONTROLE BIOLÓGICO
650 _aMÉTODO DE APLICAÇÃO
909 _a202309
_bLucia
_c55
_dLucia Elande
942 _cBK
999 _c78538
_d78538